LDR 01127naa#a2200181#i#450# 001 RU\\bibl\19442 005 20260516081701.6 100 ## _a20260515b2026####ek#y0rusy0150####ca 102 ## _aRU 200 1# _aВЛИЯНИЕ ИЗМЕНЕНИЯ КЛИМАТИЧЕСКИХ УСЛОВИЙ НОГАЙСКОЙ СТЕПИ НА ПРОДУКТИВНОСТЬ ПАСТБИЩНЫХ ЭКОСИСТЕМ _eСтатья/тезисы конференции 210 1# _aВоронеж _cВоронежский государственный лесотехнический университет имени Г.Ф. Морозова _d2026 215 ## _a7 с. 608 ## _aСтатья/тезисы конференции _2local 675 ## _aУсловия существования растений. 630.181 _aБиоценоз. Растительные сообщества. 581.55 _aКлиматические факторы. 58.056 _z 700 #1 _aРыбашлыкова _gЛюдмила Петровна 700 #1 _aСивцева _gСветлана Николаевна 700 #1 _aМаховикова _gТатьяна Федоровна 856 4# _abibl.vgltu.ru _u